Click Counties Of Ireland On A Map - Sudden Death - Statistics

General Stats
  • This quiz has been taken 35 times
  • The average score is 12 of 32
Answers on the Map
Answers color-coded by a green-red scale on the quiz's map according to % correct below.
 
Answer Stats
Answer % Correct
Cork
61%
Derry /
Londonderry
61%
Donegal
61%
Antrim
50%
Clare
50%
Dublin
50%
Limerick
50%
Tipperary
50%
Kerry
44%
Mayo
44%
Sligo
44%
Wexford
44%
Wicklow
44%
Louth
39%
Westmeath
39%
Armagh
33%
Fermanagh
33%
Meath
33%
Tyrone
33%
Waterford
33%
Down
28%
Galway
28%
Laois
28%
Leitrim
28%
Longford
28%
Monaghan
28%
Roscommon
28%
Cavan
22%
Kildare
22%
Kilkenny
22%
Offaly
22%
Carlow
17%
No matching quizzes found
Score Distribution
Percent of People with Each Score
Percentile by Number Answered
Your Score History
You have not taken this quiz